000 00288nam a22001337a 4500
008 170911b xxu||||| |||| 00| 0 eng d
020 _a9780631136880
041 _aeng
080 _a91
100 _a91
101 _aGEO
245 _aSTATISTICS GEOGRAPHY
_cEBDON.D
942 _2udc
_cBK
999 _c26985
_d26985